Super Smash Bros. Ultimate Characters (Chronological) - Statistics

General Stats
  • This quiz has been taken 520 times
    269 since last reset
  • The average score is 52 of 87
Answer Stats
Date Game Answer % Correct
May 22, 1980 Pac-Man Pac-Man
97%
July 9, 1981 Donkey Kong Mario
94%
July 9, 1981 Donkey Kong Donkey Kong
93%
April 29, 1984 Duck Hunt Duck Hunt
91%
December, 1983 Punch-Out!! Little Mac
91%
July 14, 1983 Mario Bros. Luigi
91%
April 28, 1980 Ball Mr. Game and Watch
91%
January 30, 1985 Ice Climber Ice Climbers
89%
September 13, 1985 Super Mario Bros. Peach
87%
September 13, 1985 Super Mario Bros. Bowser
86%
February 21, 1986 The Legend of Zelda Link
85%
February 21, 1986 The Legend of Zelda Zelda
85%
August 6, 1986 Metroid Samus
84%
December 19, 1986 Kid Icarus Pit
82%
December 17, 1987 Mega Man Mega Man
81%
August 6, 1986 Metroid Ridley
81%
August 30, 1987 Street Fighter Ryu
81%
July 13, 1987 Metal Gear Snake
81%
August 30, 1987 Street Fighter Ken
80%
September 26, 1986 Castelvania Simon
80%
November 21, 1990 F-Zero Captain Falcon
79%
July 27, 1990 Dr. Mario Dr. Mario
79%
April 27, 1992 Kirby's Dream Land Kirby
79%
June 23, 1991 Sonic the Hedgehog Sonic
79%
February 21, 1993 Star Fox Falco
77%
February 21, 1993 Star Fox Fox
77%
February 10, 1988 Dragon Quest III Hero
77%
December 19, 1986 Kid Icarus Palutena
77%
August 13, 1985 Gyromite R.O.B.
77%
November 21, 1994 Donkey Kong Country Diddy Kong
76%
April 27, 1992 Kirby's Dream Land King Dedede
76%
April 20, 1990 Fire Emblem: SD&BL Marth
76%
August 27, 1994 Earthbound Ness
76%
April 21, 1989 Super Mario Land Daisy
74%
March 23, 1993 Kirby's Adventure Meta Knight
74%
October 29, 1993 Castlevania: Rondo of Blood Richter
74%
November 21, 1990 Super Mario World Yoshi
74%
November 21, 1994 Donkey Kong Country King K. Rool
73%
November 25, 1991 Fatal Fury: King of Fighters Terry
73%
September 13, 1985 Super Mario Bros. Piranha Plant
71%
September 21, 1994 Tekken Kazuya
70%
October 21, 1992 Super Mario Land 2: 6 Golden Coins Wario
68%
January 31, 1997 Final Fantasy VII Cloud
64%
January 31, 1997 Final Fantasy VII Sephiroth
62%
April 27, 1997 Star Fox 64 Wolf
61%
February 27, 1996 Pokemon Red and Blue Ivysaur
60%
February 27, 1996 Pokemon Red and Blue Charizard
58%
February 27, 1996 Pokemon Red and Blue Pikachu
58%
November 21, 1998 Legend of Zelda: Ocarina of Time Young Link
58%
February 27, 1996 Pokemon Red and Blue Squirtle
57%
April 24, 2001 Animal Crossing Villager
57%
November 21, 1998 Legend of Zelda: Ocarina of Time Ganondorf
56%
November 21, 1998 Legend of Zelda: Ocarina of Time Sheik
56%
October 26, 2001 Pikmin Olimar
55%
February 27, 1996 Pokemon Red and Blue Jigglypuff
53%
February 27, 1996 Pokemon Red and Blue Mewtwo
53%
March 28, 2002 Kingdom Hearts Sora
52%
November 21, 1999 Pokemon Gold and Silver Pichu
47%
December 13, 2002 Legend of Zelda: Wind Waker Toon Link
47%
November 21, 1997 Diddy Kong Racing Banjo & Kazooie
46%
July 19, 2002 Super Mario Sunshine Bowser Jr.
46%
February 9, 2004 Metroid Zero Mission Zero Suit Samus
44%
November 15, 2004 Metroid Prime 2: Echoes Dark Samus
43%
April 20, 2006 Mother 3 Lucas
42%
November 21, 2001 Super Smash Bros. Melee Roy
42%
April 20, 2005 Fire Emblem: Path of Radiance Ike
40%
September 28, 2006 Pokemon Diamond and Pearl Lucario
37%
May 17, 2009 Minecraft Steve
33%
November 1, 2007 Super Mario Galaxy Rosalina
32%
December 1, 2007 Wii Fit Wii Fit Trainer
32%
October 27, 2009 Bayonetta Bayonetta
31%
June 10, 2010 Xenoblade Chronicles Shulk
29%
March 22, 2012 Kid Icarus Uprising Dark Pit
27%
April 19, 2012 Fire Emblem Awakening Chrom
25%
May 28, 2015 Splatoon Inkling
24%
November 8, 2012 Animal Crossing: New Leaf Isabelle
24%
September 15, 2016 Persona 5 Joker
24%
April 19, 2012 Fire Emblem Awakening Lucina
24%
April 19, 2012 Fire Emblem Awakening Robin
24%
October 12, 2013 Pokemon X and Y Greninja
22%
June 25, 2015 Fire Emblem Fates Corrin
21%
June 16, 2017 Arms Min Min
21%
November 18, 2016 Pokemon Sun and Moon Incineroar
20%
December 1, 2017 Xenoblade Chronicles 2 Pyra
20%
July 26, 2019 Fire Emblem: Three Houses Byleth
19%
November 19, 2006 Wii Sports Mii Fighters
19%
December 1, 2017 Xenoblade Chronicles 2 Mythra
19%
No matching quizzes found
Score Distribution
Percent of People with Each Score
Percentile by Number Answered
Your Score History
You have not taken this quiz since the last reset